000 00350nam a2200157Ia 4500
999 _c14257
_d14257
003 OSt
005 20260228121141.0
008 260210s9999 xx 000 0 und d
020 _a9783037787618
082 _a741.2 HAR
100 _aKenya Hara/
245 0 _aDRAW: Kenya Hara
260 _blars muller club
260 _c2025
942 _cUG
_2ddc